1602 1127 1766 1999 1672 1535 1285 1859 1284 1538 1771 1549 1399 1960 1443 1372 1859 1265 1864 1027 1031 1459 1534 1899 1653 1540 1151 1379 1617 1564 1359 1105 1435 1842 1635 1834 1431 1983 1611 1785 1316 1686 1413 1018 1403 1090 1519 1980 1567 1252 1690 1868 1379 1087 1731 1252 1196 1516 1003 1640 1117 1169 1927 1590 1970 1696 1929 1781 1414 1297 1739 1193 1488 1545 1243 1899 1917 1997 1216 1337 1429 1846 1596 1666 1493 1156 1513 1167 1057 1493 1899 1661 1459 1658 1244 1862 1027 1030 1332 BCNSPRNW ULIB Ver.6.0+V

เปลี่ยนเป็นภาษาไทย

Change to English
 แสดงรายละเอียดบรรณานุกรม
  กลับหน้าหลัก

Brief Record : Get Marc (ISO 2709) : E-mail record : QR code < ปิดหน้าต่าง
LEADER : 00000nam 2200000uu 4500
001    13399112169
003     ULIB
008    110729s2551||||th 000 0 tha d
020    9789740439332
050 04 HD30.2^bน319K 2551
100 0  สหัทยา วิเศษ
245 10 KM ภาคปฏิบัติ :^bประสบการณ์ของคน ชุมชนองค์กรในการจัดการความรู้ท้องถิ่น /^cเรียบเรียง สหัทยา วิเศษ
246 30 ประสบการณ์ของคน ชุมชน องค์กรในการจัดการความรู้ท้องถิ่น
260    กรุงเทพฯ :^bสถาบันเสริมสร้างการเรียนรู้เพื่อชุมชนเป็นสุข(สรส.),^c2551
300    112 หน้า :^bภาพประกอบ
650  7 การบริหารองค์ความรู้
650  7 การปกครองท้องถิ่น^xการจัดการ
710 20 สถาบันเสริมสร้างการเรียนรู้เพื่อชุมชนเป็นสุข (สรส.)
945    ^p100^l0^i024328
945    ^p100^l0^i024329
995    ทศพร
999 ^a ทศพร
รายการนี้ยังไม่มีแท็ก
คุณยังไม่ได้ล็อกอิน คุณสามารถมีกิจกรรมร่วมกับเว็บไซต์ได้ แต่ต้องล็อกอินก่อน ::
  ล็อกอิน

รายการสื่อสารสนเทศ

ลำดับที่ ประเภท เลขเรียก/บาร์โค้ด สถานที่ สถานะ
1. การศึกษาทั่วไป
การศึกษาทั่วไป
HD30.2 น319K 2551 ฉ.2 
  Barcode: 024329
ห้องสมุดวิทยาเขตนครสวรรค์
►หนังสือทั่วไป:l:General Books
บนชั้น

รายการใกล้เคียง
    หัวเรื่อง [การบริหารองค์ความรู้]

BibComment


ยังไม่เคยถูกคอมเมนท์

คอมเมนท์ทรัพยากรรายการนี้
  คอมเมนท์: KM ภาคปฏิบัติ ปร..


 Copyright 2026. Bcnsprnw @Library